Апикальные периодонтиты органоспецифические (одонтогенные) опухоли и кисты челюстных костей пародонтомы (эпулисы) (Запись № 324661)

Подробности
000 -МАРКЕР
контрольное поле 02493nam0a2200385 4500
001 - ИДЕНТИФИКАТОР ЗАПИСИ
контрольное поле RU\NLR\bibl\61211
005 - ИДЕНТИФИКАТОР ВЕРСИИ
контрольное поле 20260406095010.0
021 ## - НОМЕР ГОСУДАРСТВЕННОЙ РЕГИСТРАЦИИ
Код страны Российская Федерация
Номер 99-39992
Номер Листа государственной регистраци 1977
035 ## - ДРУГИЕ СИСТЕМНЫЕ НОМЕРА
Идентификатор записи (NLR Aleph) 000059716
100 ## - ДАННЫЕ ОБЩЕЙ ОБРАБОТКИ
Данные общей обработки 19991129d1999 u y0rusy50 ca
101 0# - ЯЗЫК РЕСУРСА
Язык текста, звукозаписи и т.д. русский
102 ## - СТРАНА ПУБЛИКАЦИИ ИЛИ ПРОИЗВОДСТВА
Страна публикации Российская Федерация
105 ## - ПОЛЕ КОДИРОВАННЫХ ДАННЫХ: ТЕКСТОВЫЕ МАТЕРИАЛЫ, МОНОГРАФИЧЕСКИЕ
Кодированные данные о монографическом текстовом документе a |||||||||
200 1# - ЗАГЛАВИЕ И СВЕДЕНИЯ ОБ ОТВЕТСТВЕННОСТИ
Основное заглавие Апикальные периодонтиты органоспецифические (одонтогенные) опухоли и кисты челюстных костей пародонтомы (эпулисы)
Сведения, относящиеся к заглавию Пособие по част. патолог. анатомии для студентов III курса стоматол. фак.
Первые сведения об ответственности М-во здравоохранения Рос. Федерации, С.-Петерб. гос. мед. ун-т им. акад. И.П. Павлова. Фак. патол. анатомии
Последующие сведения об ответственности [Сост. проф. М.Г. Рыбакова и др.]
210 ## - ПУБЛИКАЦИЯ, РАСПРОСТРАНЕНИЕ И ДР.
Место издания, распространения и т.д. СПб.
Имя издателя, распространителя и т. д. Изд-во СПбГМУ
Дата издания, распространения и т.д. 1999
215 ## - ФИЗИЧЕСКАЯ ХАРАКТЕРИСТИКА
Специфическое обозначение материала и объем 57 с.
Другие сведения о физической характеристике ил.
Размеры 21
606 0# - НАИМЕНОВАНИЕ ТЕМЫ КАК ПРЕДМЕТ
Наименование темы Периодонтиты
Формальный подзаголовок Руководства, пособия и т.п.
Системный номер авторитетной/нормативной записи 1415984
Идентификатор авторитетной/нормативной записи RU\NLR\auth\66285588
606 0# - НАИМЕНОВАНИЕ ТЕМЫ КАК ПРЕДМЕТ
Наименование темы Периодонтиты
Формальный подзаголовок Учебные издания для высшей школы
Системный номер авторитетной/нормативной записи 1415984
Идентификатор авторитетной/нормативной записи RU\NLR\auth\66285588
606 0# - НАИМЕНОВАНИЕ ТЕМЫ КАК ПРЕДМЕТ
Наименование темы Челюсти
Формальный подзаголовок Руководства, пособия и т.п.
Тематический подзаголовок Опухоли
Системный номер авторитетной/нормативной записи 911462
Идентификатор авторитетной/нормативной записи RU\NLR\auth\6613220
606 0# - НАИМЕНОВАНИЕ ТЕМЫ КАК ПРЕДМЕТ
Наименование темы Челюсти
Формальный подзаголовок Учебные издания для высшей школы
Тематический подзаголовок Опухоли
Системный номер авторитетной/нормативной записи 911462
Идентификатор авторитетной/нормативной записи RU\NLR\auth\6613220
606 0# - НАИМЕНОВАНИЕ ТЕМЫ КАК ПРЕДМЕТ
Наименование темы Зубная киста
Формальный подзаголовок Руководства, пособия и т.п.
Системный номер авторитетной/нормативной записи 1141836
Идентификатор авторитетной/нормативной записи RU\NLR\auth\66454653
606 0# - НАИМЕНОВАНИЕ ТЕМЫ КАК ПРЕДМЕТ
Наименование темы Зубная киста
Формальный подзаголовок Учебные издания для высшей школы
Системный номер авторитетной/нормативной записи 1141836
Идентификатор авторитетной/нормативной записи RU\NLR\auth\66454653
686 ## - ИНДЕКСЫ ДРУГИХ КЛАССИФИКАЦИЙ
Индекс Р661.213.011я73-1
686 ## - ИНДЕКСЫ ДРУГИХ КЛАССИФИКАЦИЙ
Индекс Р569.481.13я73-1
686 ## - ИНДЕКСЫ ДРУГИХ КЛАССИФИКАЦИЙ
Индекс Р665.621.057я73-1
702 #1 - ИМЯ ЛИЦА - ВТОРИЧНАЯ ОТВЕТСТВЕННОСТЬ
Код отношения Составитель
Начальный элемент ввода Рыбакова
Часть имени, кроме начального элемента ввода М. Г.
Дополнения к именам, кроме дат д-р мед. наук
Расширение инициалов личного имени Маргарита Григорьевна
Системный номер авторитетной/нормативной записи 138495
Идентификатор авторитетной/нормативной записи RU\NLR\AUTH\770138530
712 02 - НАИМЕНОВАНИЕ ОРГАНИЗАЦИИ - ВТОРИЧНАЯ ОТВЕТСТВЕННОСТЬ
Код отношения Прочие
Начальный элемент ввода Санкт-Петербургский государственный медицинский университет им. И. П. Павлова
Структурное подразделение Кафедра патологической анатомии
Системный номер авторитетной/нормативной записи 494727
Идентификатор авторитетной/нормативной записи RU\NLR\AUTH\889998664
801 #0 - ИСТОЧНИК ЗАПИСИ
Страна Российская Федерация
Организация NLR
Дата составления 19991129
Правила каталогизации PSBO
801 #1 - ИСТОЧНИК ЗАПИСИ
Страна Российская Федерация
Организация NLR
Дата составления 19991129
852 ## - МЕСТОНАХОЖДЕНИЕ И ШИФР ХРАНЕНИЯ
Идентификатор организации NLR
Шифр хранения (Call Number) 99-4/7922
942 ## - ДОПОЛНИТЕЛЬНЫЕ ЭЛЕМЕНТЫ ЗАПИСИ (АБИС)
Тип экземпляра АБИС Книга
980 ## - КОЛЛЕКЦИЯ
Название коллекции Национальная библиография
Экземпляры
Тип экземпляра Дата поступления Библиотека постоянного хранения Библиотека текущего хранения Место хранения Шифр хранения Штрих-код Статус экземпляра
Книга 26.10.2013 РНБ (Московский) РНБ (Московский) Русский книжный фонд: издания с 1957 года 99-4/7922 59716-10